000 00622nam a22001937a 4500
999 _c193351
_d193351
005 20221025144806.0
010 _aENG-135527
020 _c80.00
_a9385336064
035 _aEN-119059
037 _bDBAD/PUB
082 _a882
100 _amukherjee, partha sarathi
245 _aThe pilgrimage of tooth/
_cBy partha sarathi mukherjee; Translated by jaganmoy banerjee
260 _acalcutta
_c2016
_bjagatmoy publications
270 _aA/5, cluster X111, purbachal housing
_bcalcutta
_e700097
300 _a51p.
_c21m(pbk)
700 _aBanerjee, jaganmoy
_etranslator
942 _2ddc
_cEN
_mMUK
_h882